The Habsburg monarchy among the great powers : 1815-1918

Αποθηκεύτηκε σε:
Λεπτομέρειες βιβλιογραφικής εγγραφής
Κύριος συγγραφέας: Bridge, F. R.
Μορφή: Βιβλίο
Γλώσσα:English
Δημοσίευση: New York : Berg, 1990
Θέματα:
Ετικέτες: Προσθήκη ετικέτας
Δεν υπάρχουν, Καταχωρήστε ετικέτα πρώτοι!

MARC

LEADER 00000nam a2200000 i 4500
001 1/4116
008 960506s1990 eng d
020 |a 0-85496-307-3 
035 |l 10015462 
040 |a GR-MY-UA  |b gre  |e aacr 
041 0 |a eng 
082 0 |a 943.604 
100 1 |a Bridge, F. R. 
245 1 4 |a The Habsburg monarchy among the great powers :  |b 1815-1918 /  |c F. R. Bridge 
260 |a New York :   |b Berg,   |c 1990 
300 |a 417 p. 
504 |a Includes bibliographical references and index 
651 0 |a Austria  |x Foreign relations  |y 1867-1918. 
852 |a INST  |b LESVOS  |e 19960506  |h 943.604 BRI  |p 005100010359  |q 005100010359  |t BK  |y 0 
909 |a Λ  |b 044957